Crossfire / (Запис № 485518)

МАРК-запис
000 -LEADER
fixed length control field 01531cam a2200373 a 4500
001 - CONTROL NUMBER
control field crossfire00hagb
003 - CONTROL NUMBER IDENTIFIER
control field CaSfIA
005 - DATE AND TIME OF LATEST TRANSACTION
control field 20210118000432.0
007 - PHYSICAL DESCRIPTION FIXED FIELD--GENERAL INFORMATION
fixed length control field cr||||
008 - FIXED-LENGTH DATA ELEMENTS--GENERAL INFORMATION
fixed length control field 901214s1991 nyu 000 1 eng
010 ## - LIBRARY OF CONGRESS CONTROL NUMBER
LC control number 90027405
040 ## - CATALOGING SOURCE
Original cataloging agency DLC
Transcribing agency DLC
Modifying agency BTCTA
-- YDXCP
-- BAKER
-- TXAPL
-- CaSfIA
020 ## - INTERNATIONAL STANDARD BOOK NUMBER
International Standard Book Number 0312851626 :
Terms of availability $21.95
020 ## - INTERNATIONAL STANDARD BOOK NUMBER
International Standard Book Number 9780312851620
035 ## - SYSTEM CONTROL NUMBER
System control number (OCoLC)22952122
050 00 - LIBRARY OF CONGRESS CALL NUMBER
Classification number PS3558.A3227
Item number C76 1991
082 00 - DEWEY DECIMAL CLASSIFICATION NUMBER
Classification number 813/.54
Edition number 20
029 1# - (OCLC)
OCLC library identifier YDXCP
System control number 192708
029 1# - (OCLC)
OCLC library identifier NZ1
System control number 4028741
029 1# - (OCLC)
OCLC library identifier AU@
System control number 000007763786
100 1# - MAIN ENTRY--PERSONAL NAME
Personal name Hagberg, David.
245 10 - TITLE STATEMENT
Title Crossfire /
Medium [electronic resource]
Statement of responsibility, etc David Hagberg.
250 ## - EDITION STATEMENT
Edition statement 1st ed.
260 ## - PUBLICATION, DISTRIBUTION, ETC. (IMPRINT)
Place of publication, distribution, etc New York :
Name of publisher, distributor, etc T. Doherty Associates,
Date of publication, distribution, etc c1991.
300 ## - PHYSICAL DESCRIPTION
Extent 409 p. ;
Dimensions 24 cm.
500 ## - GENERAL NOTE
General note "A TOR book"--T.p. verso.
520 ## - SUMMARY, ETC.
Summary, etc Russian KGB and United States CIA match wits over a Middle East gold shipment.
506 ## - RESTRICTIONS ON ACCESS NOTE
Standardized terminology for access restriction Необхідна авторизація на https://archive.org/ (створення облікового запису безкоштовно)
506 ## - RESTRICTIONS ON ACCESS NOTE
Standardized terminology for access restriction Необхідна авторизація на https://openlibrary.org/ (створення облікового запису безкоштовно)
650 #0 - SUBJECT ADDED ENTRY--TOPICAL TERM
Topical term or geographic name as entry element McGarvey, Kirk (Fictitious character)
Form subdivision Fiction.
856 41 - ELECTRONIC LOCATION AND ACCESS
Uniform Resource Identifier <a href="http://www.archive.org/details/crossfire00hagb">http://www.archive.org/details/crossfire00hagb</a>
Public note Free eBook from the Internet Archive
856 42 - ELECTRONIC LOCATION AND ACCESS
Uniform Resource Identifier <a href="http://www.openlibrary.org/books/OL1868993M">http://www.openlibrary.org/books/OL1868993M</a>
Public note Additional information and access via Open Library
942 ## - ADDED ENTRY ELEMENTS (KOHA)
Koha item type ЕКнига

Немає доступних примірників.